The WhatsApp India Story (Record no. 46479)

MARC details
000 -LEADER
fixed length control field 00495nam a22001817a 4500
005 - DATE AND TIME OF LATEST TRANSACTION
control field 20250825150126.0
008 - FIXED-LENGTH DATA ELEMENTS--GENERAL INFORMATION
fixed length control field 250825b |||||||| |||| 00| 0 eng d
020 ## - INTERNATIONAL STANDARD BOOK NUMBER
International Standard Book Number 9781032855257
041 ## - LANGUAGE CODE
Language code of text/sound track or separate title eng
082 ## - DEWEY DECIMAL CLASSIFICATION NUMBER
Classification number 302.231 NAR
100 ## - MAIN ENTRY--PERSONAL NAME
Author Narayan, Sunetra Sen
245 ## - TITLE STATEMENT
Title The WhatsApp India Story
260 ## - PUBLICATION, DISTRIBUTION, ETC.
Place New York
Publisher Routledge
Publication Year 2024
300 ## - PHYSICAL DESCRIPTION
Extent 283;. p. 24 cm
650 ## - SUBJECT ADDED ENTRY--TOPICAL TERM
Subject Online Social Networks, Interpersonal Communication India
700 ## - ADDED ENTRY--PERSONAL NAME
Co-Author Narayanan, Shalini
942 ## - ADDED ENTRY ELEMENTS (KOHA)
Koha item type Books
Holdings
Withdrawn status Lost status Source of classification or shelving scheme Damaged status Not for loan Home library Current library Shelving location Accession Date Vendor Price Bill number Total Checkouts Full call number Barcode No Date last seen Bill Date Koha item type Suggested By
    Dewey Decimal Classification     IMTN IMTN Rack 5-A 08/25/2025 Amazon.in 1173.00 IN-15461   302.231 NAR 33944 12/10/2025 07/31/2025 Books Faculty Purchase By Dr. Abhishek N Singh
Designed & Maintained by: LRC IMT Nagpur Contact: lrc@imtnag.ac.in© 2024. All Rights Reserved.